| 000 | 00000nam##2200000za#4500 |
| 001 | 9.624898 |
| 003 | CaOODSP |
| 005 | 20200327181806 |
| 007 | ta |
| 008 | 150406|1998||||xxc||||| f|0| 0 fre|d |
| 020 | |a0-660-96051-6 |
| 040 | |aCaOODSP|bfre |
| 043 | |an-cn--- |
| 086 | 1 |aEn56-119/6-1998F |
| 110 | 1 |aCanada. |bEnvironnement Canada. |
| 245 | 10|aQuestions sectorielles|cPréparé sous la direction de: Grace Koshida et Wendy Avis. |
| 260 | |aOttawa - Ontario : |bEnvironnement Canada |c1998. |
| 300 | |axxxiii, 675p. : |bcartes, références, tableaux ; |c28 cm. |
| 490 | 1 |aL'etude pan-canadienne|vTome VII |
| 563 | |aCouverture souple |
| 590 | |a00-20|b2000-05-19 |
| 691 | 07|aClimat|2gcpds |
| 691 | 07|aRéchauffement de la planète|2gcpds |
| 691 | 07|aImpact sur l'environnement|2gcpds |
| 720 | 1 |aKoshida, Grace |
| 720 | 1 |aAvis, Wendy |
| 776 | 0#|tQuestions sectorielles|w(CaOODSP)9.604333 |
| 830 | #0|aL'étude pan-canadienne ;|vTome VII|w(CaOODSP)9.512985 |